Statystyki dla 10 najbardziej wysuniętych na północ państw Afryki

Kliknij tutaj aby rozwiązać quiz!

Ogólne statystyki

  • Ten quiz został rozwiązany 13 038 razy
  • Średni wynik to 9 z 10

Statystyki odpowiedzi

Szerokość geograficznaPaństwo% Poprawnych
31°36'NEgipt
99%
35°55'NMaroko
97%
37°05'NAlgieria
95%
37°31'NTunezja
93%
33°10'NLibia
89%
22°12'NSudan
87%
23°26'NCzad
82%
23°31'NNiger
82%
25°00'NMali
76%
27°19'NMauretania
72%

Rozkład punktacji

Percentyl według liczby udzielonych odpowiedzi

Procent ludzi z każdym wynikiem

Twoja historia wyników

Nie rozwiązałeś tego quizu